[Event "Montreal Pere Noel op"]
[Site "Montreal"]
[Date "2023.12.30"]
[Round "5"]
[White "Steinberg, Ellis"]
[Black "Auersperg, Leo"]
[Result "1-0"]
[WhiteElo "1801"]
[BlackElo "1640"]
[PlyCount "121"]
[EventDate "2023.12.27"]
[EventType "swiss"]
[EventRounds "5"]
[EventCountry "CAN"]
[SourceTitle "CB02_2024"]
[SourceDate "2024.01.10"]
[SourceVersion "1"]
[SourceVersionDate "2024.01.10"]
[SourceQuality "1"]

1. e4 c6 2. d4 d5 3. exd5 cxd5 4. Bd3 Nc6 5. c3 Nf6 6. Bf4 g6 7. Nd2 Bg7 8. Ngf3 Bf5 9. Bxf5 gxf5 10. Ne5 0-0 11. h4 e6 12. h5 h6 13. f3 Nd7 14. Nxd7 Qxd7 15. 0-0 f6 16. Be3 Rae8 17. f4 e5 18. dxe5 fxe5 19. Bc5 Rf7 20. fxe5 Nxe5 21. Nf3 Ng4 22. Qd2 b6 23. Bf2 Qd6 24. Rae1 Rfe7 25. Rxe7 Rxe7 26. Re1 Re4 27. Rd1 Nf6 28. Bh4 Nxh5 29. Qxd5+ Qxd5 30. Rxd5 Re2 31. Rxf5 Rxb2 32. Rxh5 Rxa2 33. Nd4 Ra3 34. Nb5 Ra5 35. Rd5 a6 36. Nc7 Ra1+ 37. Kf2 Bxc3 38. Rd8+ Kf7 39. Rd7+ Kg6 40. Kf3 Rf1+ 41. Ke2 Rg1 42. Kf3 Rf1+ 43. Ke4 Rg1 44. Nd5 Bd2 45. Ne7+ Kh5 46. Bf2 Rxg2 47. Rxd2 Kg4 48. Ke3 h5 49. Rd4+ Kg5 50. Bh4+ Kh6 51. Rd6+ Kg7 52. Nf5+ Kf7 53. Rf6+ Ke8 54. Rxb6 Ra2 55. Rb7 Ra4 56. Nd4 Ra3+ 57. Kf4 Rh3 58. Re7+ Kf8 59. Ne6+ Kg8 60. Rg7+ Kh8 61. Bf6 1-0

[Event "Montreal Pere Noel op"]
[Site "Montreal"]
[Date "2023.12.27"]
[Round "1"]
[White "Steinberg, Ellis"]
[Black "Sambuev, Bator"]
[Result "0-1"]
[WhiteElo "1801"]
[BlackElo "2484"]
[PlyCount "54"]
[EventDate "2023.12.27"]
[EventType "swiss"]
[EventRounds "5"]
[EventCountry "CAN"]
[SourceTitle "CB02_2024"]
[SourceDate "2024.01.10"]
[SourceVersion "1"]
[SourceVersionDate "2024.01.10"]
[SourceQuality "1"]

1. e4 e5 2. Nf3 Nc6 3. Bb5 a6 4. Ba4 Nf6 5. 0-0 d6 6. Re1 Bd7 7. c3 g6 8. d4 Bg7 9. d5 Ne7 10. Bxd7+ Nxd7 11. c4 h6 12. Nc3 0-0 13. b4 f5 14. Qc2 c6 15. dxc6 Nxc6 16. Nd5 Nf6 17. b5 Nxd5 18. bxc6 Nb4 19. Qb3 Nxc6 20. c5+ Rf7 21. cxd6 Qxd6 22. Ba3 Qf6 23. Rad1 fxe4 24. Rxe4 Nd4 25. Rdxd4 exd4 26. Rxd4 Re8 27. Rd6 Re1+ 0-1

[Event "Laval op"]
[Site "Laval"]
[Date "2019.06.22"]
[Round "3"]
[White "Steinberg, Ellis"]
[Black "Villeneuve, Robert"]
[Result "1/2-1/2"]
[WhiteElo "1745"]
[BlackElo "1930"]
[PlyCount "112"]
[EventDate "2019.06.21"]
[EventType "swiss"]
[EventRounds "5"]
[EventCountry "CAN"]
[SourceTitle "CBM 191 Extra"]
[Source "ChessBase"]
[SourceDate "2019.09.30"]
[SourceVersion "1"]
[SourceVersionDate "2019.09.30"]
[SourceQuality "1"]

1. e4 c5 2. Nf3 d6 3. d4 cxd4 4. Nxd4 Nf6 5. Nc3 g6 6. Be3 Nc6 7. f3 Bg7 8. Qd2 0-0 9. Bc4 Bd7 10. 0-0-0 Rc8 11. Bb3 Nxd4 12. Bxd4 b5 13. Bxa7 b4 14. Nd5 Nxd5 15. exd5 Qa5 16. Bd4 Ba4 17. Qe3 Bxb3 18. Qxb3 Rc7 19. Rhe1 Rfc8 20. Re2 Rc4 21. Bxg7 Kxg7 22. Rdd2 Qc5 23. Qe3 Qa5 24. Qb3 Qc5 25. Qe3 Qa5 26. Kb1 Ra8 27. Qb3 Qc5 28. Rd1 Rd4 29. Rxd4 Qxd4 30. Re1 Ra5 31. c4 bxc3 32. Qxc3 Qxc3 33. bxc3 Kf6 34. c4 Rc5 35. Re4 e6 36. dxe6 fxe6 37. Kb2 d5 38. cxd5 exd5 39. Rb4 Ke5 40. a4 Rc7 41. f4+ Kd6 42. a5 Kc5 43. Ra4 Kb5 44. Ra3 Ka6 45. Rc3 Re7 46. Kc1 d4 47. Rd3 Re4 48. g3 Kxa5 49. Rb3 Re2 50. Rb2 Rxb2 51. Kxb2 Kb4 52. Kc2 Kc4 53. g4 d3+ 54. Kd2 Kd4 55. f5 gxf5 56. gxf5 Ke5 1/2-1/2

[Event "Laval op"]
[Site "Laval"]
[Date "2019.06.21"]
[Round "1"]
[White "Steinberg, Ellis"]
[Black "Tanaka, Taira Tyler"]
[Result "0-1"]
[WhiteElo "1745"]
[BlackElo "2109"]
[PlyCount "72"]
[EventDate "2019.06.21"]
[EventType "swiss"]
[EventRounds "5"]
[EventCountry "CAN"]
[SourceTitle "CBM 191 Extra"]
[Source "ChessBase"]
[SourceDate "2019.09.30"]
[SourceVersion "1"]
[SourceVersionDate "2019.09.30"]
[SourceQuality "1"]

1. e4 c5 2. Nf3 d6 3. d4 cxd4 4. Nxd4 Nf6 5. Nc3 g6 6. Be3 Bg7 7. f3 a6 8. Bc4 Nbd7 9. Qd2 h5 10. 0-0-0 b5 11. Bb3 Bb7 12. Kb1 Rc8 13. Rhe1 Qc7 14. h3 Nb6 15. Qf2 Nc4 16. Bc1 0-0 17. g4 b4 18. Na4 Na5 19. Qd2 Nxb3 20. cxb3 a5 21. g5 Nd7 22. f4 Nc5 23. Nxc5 dxc5 24. Nf3 Rfd8 25. Qe2 Rxd1 26. Rxd1 Qc6 27. Nd2 Rd8 28. e5 Qd7 29. Qe3 Qf5+ 30. Ka1 Qc2 31. Re1 Rd3 32. Qe2 Bc8 33. Ne4 Qxe2 34. Rxe2 Rd1 35. Kb1 Bf5 36. Kc2 Rd4 0-1

[Event "Montreal Young Stars 2"]
[Site "Montreal"]
[Date "2017.12.17"]
[Round "7.5"]
[White "Steinberg, Ellis"]
[Black "Pomerantz, Daniel"]
[Result "1/2-1/2"]
[WhiteElo "1674"]
[BlackElo "1905"]
[PlyCount "104"]
[EventDate "2017.12.09"]
[EventType "swiss"]
[EventRounds "8"]
[EventCountry "CAN"]
[SourceTitle "EXT 2022"]
[Source "ChessBase"]
[SourceDate "2021.10.06"]
[SourceVersion "1"]
[SourceVersionDate "2021.10.06"]
[SourceQuality "1"]

1. e4 c5 2. Nf3 e6 3. d3 Nc6 4. g3 g6 5. Bg2 Bg7 6. c3 Nge7 7. 0-0 0-0 8. Re1 e5 9. Be3 d6 10. Qc1 f5 11. Bh6 Rb8 12. Bxg7 Kxg7 13. a4 Be6 14. Nbd2 a6 15. Qc2 Qd7 16. Nc4 fxe4 17. Rxe4 b5 18. axb5 axb5 19. Ncd2 b4 20. Ree1 bxc3 21. bxc3 Rb7 22. Reb1 Rfb8 23. Rxb7 Qxb7 24. Rb1 Qc7 25. Ng5 Bg8 26. Bh3 Nf5 27. Nf1 h6 28. Ne4 Rxb1 29. Qxb1 Nce7 30. Qb5 Bd5 31. Bg2 Bc6 32. Qb3 Bd5 33. Qb5 Qc6 34. Qxc6 Bxc6 35. Ne3 Nxe3 36. fxe3 Bxe4 37. Bxe4 d5 38. Bg2 Kf6 39. Kf2 Ke6 40. Ke2 Kd6 41. Kd2 Ng8 42. h3 Nf6 43. g4 h5 44. g5 Ng8 45. h4 Ne7 46. Bh3 e4 47. d4 cxd4 48. cxd4 Nc6 49. Kc3 Na5 50. Bf1 Nc6 51. Bh3 Ke7 52. Bf1 Kd6 1/2-1/2

[Event "Montreal Young Stars 2"]
[Site "Montreal"]
[Date "2017.12.16"]
[Round "5.6"]
[White "Steinberg, Ellis"]
[Black "Liu, Kevin1111"]
[Result "1-0"]
[WhiteElo "1674"]
[BlackElo "1456"]
[PlyCount "97"]
[EventDate "2017.12.09"]
[EventType "swiss"]
[EventRounds "8"]
[EventCountry "CAN"]
[SourceTitle "EXT 2022"]
[Source "ChessBase"]
[SourceDate "2021.10.06"]
[SourceVersion "1"]
[SourceVersionDate "2021.10.06"]
[SourceQuality "1"]

1. e4 c5 2. Nf3 Nc6 3. d4 cxd4 4. Nxd4 g6 5. c4 Bg7 6. Be3 Nf6 7. Nc3 0-0 8. Be2 d6 9. f3 Bd7 10. Qd2 h5 11. 0-0 Nxd4 12. Bxd4 Bc6 13. Rac1 Nd7 14. Rfd1 Nc5 15. Nd5 Bxd5 16. cxd5 a5 17. Kh1 Rc8 18. Rc2 b6 19. Bb5 Kh7 20. Bxg7 Kxg7 21. Rdc1 Ra8 22. Rc4 a4 23. Bxa4 Nxa4 24. Qd4+ Kh7 25. Rxa4 Rc8 26. Rxc8 Qxc8 27. Rc4 Qa6 28. a3 Qb5 29. Qc3 Rc8 30. b3 Rxc4 31. Qxc4 Qa5 32. Qc1 e6 33. dxe6 fxe6 34. Kg1 Kg7 35. b4 Qa7 36. Kf2 b5+ 37. Qe3 Qa6 38. Ke2 Qc6 39. Kd2 Kf6 40. Qc3+ Qxc3+ 41. Kxc3 Ke5 42. a4 bxa4 43. b5 d5 44. exd5 exd5 45. Kb4 Kd6 46. Kxa4 Kc7 47. Kb4 Kb6 48. g4 h4 49. f4 1-0

[Event "Montreal Young Stars 2"]
[Site "Montreal"]
[Date "2017.12.10"]
[Round "4.3"]
[White "Bassel, Charaf"]
[Black "Steinberg, Ellis"]
[Result "1-0"]
[WhiteElo "2073"]
[BlackElo "1674"]
[PlyCount "101"]
[EventDate "2017.12.09"]
[EventType "swiss"]
[EventRounds "8"]
[EventCountry "CAN"]
[SourceTitle "EXT 2022"]
[Source "ChessBase"]
[SourceDate "2021.10.06"]
[SourceVersion "1"]
[SourceVersionDate "2021.10.06"]
[SourceQuality "1"]

1. Nf3 Nf6 2. d4 g6 3. g3 Bg7 4. Bg2 0-0 5. 0-0 d6 6. Nc3 c6 7. e4 e5 8. dxe5 dxe5 9. Qxd8 Rxd8 10. Nxe5 Nxe4 11. Nxf7 Nxc3 12. Nxd8 Ne2+ 13. Kh1 Nxc1 14. Raxc1 Nd7 15. Ne6 Bxb2 16. Rb1 Bf6 17. f4 Nb6 18. Nc7 Rb8 19. Rfe1 Kf7 20. Re8 Na8 21. Rxc8 Rxc8 22. Nxa8 b6 23. Nxb6 Rb8 24. Bxc6 Rxb6 25. Bd5+ Ke7 26. Re1+ Kd6 27. Bg8 h6 28. Bf7 g5 29. f5 Bc3 30. Re6+ Kc5 31. Kg2 Rxe6 32. Bxe6 h5 33. Kf3 Kd6 34. Bf7 h4 35. gxh4 gxh4 36. Kg4 Be5 37. Kxh4 Bxh2 38. Kg5 Ke7 39. Kg6 Be5 40. c4 Bd4 41. Bd5 Kf8 42. f6 Bc5 43. Kf5 Ke8 44. Ke6 Bd4 45. f7+ Kf8 46. Kd6 Bf6 47. c5 Be7+ 48. Kc6 Kg7 49. Kb5 Kf8 50. c6 Bd8 51. Ka6 1-0

[Event "Montreal Young Stars 2"]
[Site "Montreal"]
[Date "2017.12.10"]
[Round "3.8"]
[White "Steinberg, Ellis"]
[Black "Craciun, David"]
[Result "1-0"]
[WhiteElo "1674"]
[BlackElo "1680"]
[PlyCount "75"]
[EventDate "2017.12.09"]
[EventType "swiss"]
[EventRounds "8"]
[EventCountry "CAN"]
[SourceTitle "EXT 2022"]
[Source "ChessBase"]
[SourceDate "2021.10.06"]
[SourceVersion "1"]
[SourceVersionDate "2021.10.06"]
[SourceQuality "1"]

1. e4 e5 2. Nf3 Nc6 3. Bb5 a6 4. Ba4 Nf6 5. 0-0 Be7 6. Re1 b5 7. Bb3 0-0 8. h3 Bb7 9. d3 d6 10. c3 Na5 11. Bc2 c5 12. Nbd2 Re8 13. Nf1 Bf8 14. Ng3 g6 15. d4 exd4 16. cxd4 Bg7 17. Bf4 Qb6 18. d5 Nd7 19. Rb1 Nc4 20. Qc1 Nde5 21. Nh2 b4 22. Bh6 Bh8 23. f4 Nd7 24. Ba4 Bd4+ 25. Kh1 Bf2 26. Qxc4 Bxe1 27. Rxe1 Qc7 28. Ng4 Nb6 29. Nf6+ Kh8 30. Nxe8 Rxe8 31. Qc2 Re7 32. Rc1 c4 33. Qd1 Nxa4 34. Qxa4 Qc5 35. Qd1 a5 36. Qg4 Qd4 37. Qh4 Re8 38. e5 1-0

[Event "Montreal Young Stars 2"]
[Site "Montreal"]
[Date "2017.12.09"]
[Round "1.8"]
[White "Steinberg, Ellis"]
[Black "Yan, Alex Jikai"]
[Result "1-0"]
[WhiteElo "1674"]
[BlackElo "1440"]
[PlyCount "137"]
[EventDate "2017.12.09"]
[EventType "swiss"]
[EventRounds "8"]
[EventCountry "CAN"]
[SourceTitle "EXT 2022"]
[Source "ChessBase"]
[SourceDate "2021.10.06"]
[SourceVersion "1"]
[SourceVersionDate "2021.10.06"]
[SourceQuality "1"]

1. e4 e5 2. Nf3 Nc6 3. Bb5 a6 4. Ba4 b5 5. Bb3 Be7 6. 0-0 Nf6 7. Re1 0-0 8. h3 d6 9. c3 Bb7 10. d3 h6 11. Nbd2 Na5 12. Bc2 c5 13. Nf1 Nh7 14. Ng3 Ng5 15. Nf5 Bc8 16. Nxe7+ Qxe7 17. Nxg5 hxg5 18. Qh5 f6 19. Be3 Qe8 20. Qe2 Nc6 21. a4 Be6 22. axb5 axb5 23. Qf1 Qf7 24. Rxa8 Rxa8 25. Ra1 Ra5 26. Rxa5 Nxa5 27. Qa1 Nb3 28. Qa8+ Qf8 29. Qb7 Qe8 30. Qc7 Na1 31. Bd1 Qd7 32. Qxd7 Bxd7 33. c4 bxc4 34. dxc4 f5 35. Bxg5 Be6 36. exf5 Bxc4 37. Be7 d5 38. Bxc5 Nb3 39. Bd6 e4 40. Be5 Nc5 41. Bd4 Nd3 42. b3 Bb5 43. g4 Nf4 44. Kh2 Kf7 45. Kg3 Ne2+ 46. Bxe2 Bxe2 47. Kf4 g6 48. fxg6+ Kxg6 49. Be5 Bd1 50. b4 Be2 51. h4 Bb5 52. Bd4 Bd7 53. Bc3 Bb5 54. h5+ Kh6 55. Bd4 Be2 56. Be3 Bc4 57. Kf5+ Kg7 58. Ke5 Kh7 59. Kf6 Be2 60. Kf5 Kg7 61. h6+ Kh7 62. g5 Bh5 63. b5 Be8 64. b6 Bc6 65. Kf6 Kg8 66. g6 d4 67. h7+ Kh8 68. Bxd4 Be8 69. Kg5# 1-0

[Event "Montreal Mont Royal op"]
[Site "Montreal"]
[Date "2017.07.22"]
[Round "1"]
[White "Robichaud, Louis"]
[Black "Steinberg, Ellis"]
[Result "1-0"]
[WhiteElo "2052"]
[BlackElo "1651"]
[PlyCount "67"]
[EventDate "2017.07.22"]
[EventType "swiss"]
[EventRounds "9"]
[EventCountry "CAN"]
[SourceTitle "CBM 179 Extra"]
[Source "ChessBase"]
[SourceDate "2017.08.23"]
[SourceVersion "1"]
[SourceVersionDate "2017.08.23"]
[SourceQuality "1"]

1. e4 g6 2. d4 d6 3. f4 d5 4. e5 h5 5. Nf3 Nh6 6. Be3 Bf5 7. h3 e6 8. Nbd2 Be7 9. Ng5 Nd7 10. Be2 h4 11. 0-0 c5 12. Bb5 cxd4 13. Bxd4 Bxg5 14. fxg5 Qxg5 15. Bxd7+ Kxd7 16. Nf3 Qe7 17. c4 Rhc8 18. Qa4+ Rc6 19. cxd5 exd5 20. Be3 Ng8 21. Nd4 Qxe5 22. Bf2 Qf4 23. Qb5 Qc7 24. Qxd5+ Rd6 25. Qxf7+ Ne7 26. Nb5 Be6 27. Qh7 Bg8 28. Qg7 Qa5 29. Nxd6 Kxd6 30. Rad1+ Nd5 31. Bxh4 Qxa2 32. Qe7+ Kc6 33. Rc1+ Kb5 34. Qc5+ 1-0

[Event "Quebec-ch op"]
[Site "Montreal"]
[Date "2016.07.24"]
[Round "3"]
[White "Steinberg, Ellis"]
[Black "Doubleday, William G"]
[Result "0-1"]
[WhiteElo "1581"]
[BlackElo "1981"]
[PlyCount "132"]
[EventDate "2016.07.23"]
[EventType "swiss"]
[EventRounds "8"]
[EventCountry "CAN"]
[SourceTitle "CBM 173 Extra"]
[Source "ChessBase"]
[SourceDate "2016.08.29"]
[SourceVersion "1"]
[SourceVersionDate "2016.08.29"]
[SourceQuality "1"]

1. e4 c5 2. Nf3 Nc6 3. d4 cxd4 4. Nxd4 Qb6 5. Nb3 Nf6 6. Nc3 e6 7. Be3 Qc7 8. Be2 a6 9. f4 Bb4 10. Bf3 Bxc3+ 11. bxc3 d6 12. 0-0 0-0 13. Rb1 b5 14. Qd3 Bb7 15. g4 Rfd8 16. g5 Ne8 17. Rf2 Rac8 18. Nd4 Na5 19. Ne2 Nc4 20. Bc1 Qc5 21. Qd4 e5 22. Qxc5 Rxc5 23. f5 d5 24. Ng3 d4 25. cxd4 Rxd4 26. a4 Ned6 27. axb5 Rxb5 28. Rxb5 axb5 29. Kf1 Bxe4 30. c3 Rd3 31. Nxe4 Nxe4 32. Ra2 f6 33. Bxe4 Rd1+ 34. Ke2 Rxc1 35. Bd5+ Kf8 36. Ra8+ Ke7 37. gxf6+ Kxf6 38. Rf8+ Kg5 39. Rf7 Rc2+ 40. Ke1 Ne3 41. Rxg7+ Kxf5 42. Rf7+ Kg6 43. Rd7 Nxd5 44. Rxd5 Kf5 45. Rxb5 Rxc3 46. Kf2 Kf4 47. Rb7 Rc2+ 48. Kg1 h5 49. Rf7+ Kg4 50. Rg7+ Kf3 51. Rf7+ Ke3 52. Rh7 e4 53. Rxh5 Ke2 54. h4 e3 55. Re5 Rc4 56. h5 Rg4+ 57. Kh2 Kf3 58. Kh3 Rg3+ 59. Kh2 Rg2+ 60. Kh1 Rg4 61. Kh2 e2 62. Kh3 Re4 63. Rf5+ Ke3 64. h6 e1Q 65. h7 Qh4+ 66. Kg2 Rg4+ 0-1

[Event "Pere Noel op"]
[Site "Montreal"]
[Date "2015.12.29"]
[Round "4.17"]
[White "Ghazarian, Kirk Vagho"]
[Black "Steinberg, Ellis"]
[Result "1/2-1/2"]
[WhiteElo "1920"]
[BlackElo "1828"]
[PlyCount "161"]
[EventDate "2015.12.26"]
[EventType "swiss"]
[EventRounds "5"]
[EventCountry "CAN"]
[SourceTitle "EXT 2019"]
[Source "ChessBase"]
[SourceDate "2018.10.10"]
[SourceVersion "1"]
[SourceVersionDate "2018.10.10"]
[SourceQuality "1"]

1. d4 Nf6 2. Nf3 g6 3. Bf4 Bg7 4. e3 d6 5. h3 0-0 6. Be2 c5 7. c3 Qb6 8. Qb3 Be6 9. Qxb6 axb6 10. a3 Nc6 11. Nbd2 Rfc8 12. 0-0 Na5 13. Ng5 Nb3 14. Nxb3 Bxb3 15. Bd3 Ra5 16. Ne4 Nxe4 17. Bxe4 d5 18. Bd3 c4 19. Bb1 Bf8 20. e4 e6 21. Re1 b5 22. Ba2 Bxa2 23. Rxa2 b4 24. exd5 exd5 25. cxb4 Bxb4 26. Re2 Bf8 27. Ra1 Raa8 28. Rae1 Ra6 29. Re8 Raa8 30. Rxc8 Rxc8 31. Kf1 b5 32. g3 Kg7 33. g4 h6 34. h4 Ra8 35. g5 h5 36. Be5+ Kg8 37. Bf6 Bd6 38. Be7 Ra6 39. Bxd6 Rxd6 40. Re8+ Kg7 41. Rb8 Re6 42. Rxb5 Re4 43. Rxd5 Rxh4 44. Kg2 Rg4+ 45. Kh3 Rf4 46. Kg2 Rg4+ 47. Kf1 h4 48. f3 Rg3 49. Kf2 Rh3 50. Rc5 Rh2+ 51. Kg1 Rxb2 52. Rxc4 Rb3 53. a4 Rxf3 54. Rc5 Rg3+ 55. Kh2 Ra3 56. a5 Kf8 57. Rc8+ Ke7 58. Ra8 Rd3 59. a6 Rxd4 60. Ra7+ Ke6 61. Rb7 Ra4 62. a7 Ra3 63. Kg2 Kf5 64. Rxf7+ Kxg5 65. Rb7 Kg4 66. Rb4+ Kh5 67. Rb7 g5 68. Rc7 g4 69. Rc5+ Kg6 70. Rc6+ Kf5 71. Rc5+ Ke6 72. Rg5 Ra2+ 73. Kg1 Ra1+ 74. Kg2 Ra2+ 75. Kg1 Ra1+ 76. Kg2 h3+ 77. Kh2 Ra2+ 78. Kh1 Ra1+ 79. Kh2 Ra2+ 80. Kh1 Ra1+ 81. Kh2 1/2-1/2

[Event "Pere Noel op"]
[Site "Montreal"]
[Date "2015.12.27"]
[Round "2.15"]
[White "Li, Yi Lin"]
[Black "Steinberg, Ellis"]
[Result "1-0"]
[WhiteElo "2010"]
[BlackElo "1828"]
[PlyCount "63"]
[EventDate "2015.12.26"]
[EventType "swiss"]
[EventRounds "5"]
[EventCountry "CAN"]
[SourceTitle "EXT 2019"]
[Source "ChessBase"]
[SourceDate "2018.10.10"]
[SourceVersion "1"]
[SourceVersionDate "2018.10.10"]
[SourceQuality "1"]

1. d4 Nf6 2. c4 g6 3. Nc3 Bg7 4. e4 d6 5. Nf3 0-0 6. Be2 e5 7. 0-0 Nc6 8. d5 Ne7 9. Ne1 Ne8 10. Be3 f5 11. f3 f4 12. Bf2 g5 13. a4 Rf6 14. c5 Rg6 15. a5 Nf6 16. cxd6 cxd6 17. Nb5 g4 18. Bxa7 g3 19. Bb6 Qd7 20. Nc7 Rh6 21. Bb5 Nc6 22. dxc6 bxc6 23. Bc4+ d5 24. exd5 Qf5 25. dxc6+ Kh8 26. Qd8+ Ne8 27. Qxe8+ Bf8 28. Bd3 Qf6 29. Bc5 Be6 30. Nxa8 Qh4 31. Qxf8+ Bg8 32. h3 1-0